00589nam a22001937a 4500999001900000005001700019010001300036020001300049035001100062037001300073082000800086100002700094245006600121246004900187260005100236270005700287300002300344942002800367 c182537d18253720211122104009.0 aUR-11331 c98.00a- aU-9886 bDBAD/PUB a841 aکو ثر صد يقی  aقر طا س و قلم (ر با عی)cکو ثر صد يقی  aQuirtaas-o-Qualam (Urdu)bby Kausar Siddiqui aN.Delhic2020 ءbEducational Publishing House aD1/16,Ansari Road,Darya Ganj,bNew Delhie110002l - a144 ص c22 Cm(Hb) 2ddccURh841mص د ی